| 000 | 01532nam0a2200361 4500 | ||
|---|---|---|---|
| 001 | RU\NLR\bibl\1386033 | ||
| 005 | 20260408192420.0 | ||
| 010 |
_a978-5-235-03193-7 _95000 |
||
| 021 |
_aRU _b2009-33728 _92032 |
||
| 035 | _a(NLR Aleph) 001378098 | ||
| 090 |
_a1084490 _c1084490 |
||
| 100 | _a20090415d2009 |||y0rusy50 ca | ||
| 101 | 0 | _arus | |
| 102 | _aRU | ||
| 105 | _aa ||||||||| | ||
| 200 | 1 |
_aКалигула _fИгорь Князький |
|
| 210 |
_aМосква _cМолодая гвардия _d2009 |
||
| 215 |
_a246, [3] с., [8] л. ил., портр. _d21 |
||
| 225 | 1 |
_aЖизнь замечательных людей _eсерия биографий _eоснована в 1890 году Ф. Павленковым и продолжена в 1933 году М. Горьким _vВып. 1345 (1145) |
|
| 320 | _aБиблиогр. в конце кн. | ||
| 600 | 1 |
_aКалигула _bГ.Ю.Ц. _gГай Юлий Цезарь _f12 - 41 _3RU\NLR\auth\661299605 _92159253 |
|
| 686 |
_a63.3(0)323-8Калигула _vLBC/RL _2rubbk |
||
| 686 |
_a0683 _aБиографии _2TCC-BG |
||
| 686 | _aТ3(0)323.4-8 | ||
| 700 | 1 |
_aКнязький _bИ. О. _gИгорь Олегович _4070 |
|
| 702 | 1 |
_4570 _8rus _7ca _aКалигула _bГ.Ю.Ц. _f12-41 _gГай Юлий Цезарь _3RU\NLR\auth\779621 _9119438 |
|
| 801 | 0 |
_aRU _bЛИБНЕТ _c20090415 |
|
| 801 | 1 |
_aRU _bНБР Карелия _c20090515 |
|
| 801 | 2 |
_aRU _bNLR _c20090624 _grcr |
|
| 830 | _aавт. по кн. | ||
| 942 | _cBOOK | ||
| 980 | _aNB | ||